Xác suất và thống kê toán

Uloženo v:
Podrobná bibliografie
Hlavní autor: Lê, Hạnh
Médium: Kniha
Jazyk:Undetermined
Vydáno: Hà Nội Giáo dục 1978
Témata:
Tagy: Přidat tag
Žádné tagy, Buďte první, kdo otaguje tento záznam!
Thư viện lưu trữ: Trung tâm Học liệu Trường Đại học Cần Thơ
LEADER 00521nam a2200181Ia 4500
001 CTU_1445
008 210402s9999 xx 000 0 und d
082 |a 519.2 
082 |b H107 
100 |a Lê, Hạnh 
245 0 |a Xác suất và thống kê toán 
245 0 |c Lê Hạnh 
260 |a Hà Nội 
260 |b Giáo dục 
260 |c 1978 
650 |a Mathematical statistics,Probabilities 
904 |i Qhieu đã sửa trong CSDL 
980 |a Trung tâm Học liệu Trường Đại học Cần Thơ